Strategic management : (Record no. 18097)
[ view plain ]
| 000 -LEADER | |
|---|---|
| fixed length control field | 00961cam a22002775a 4500 |
| 005 - DATE AND TIME OF LATEST TRANSACTION | |
| control field | 20201128021033.0 |
| 008 - FIXED-LENGTH DATA ELEMENTS--GENERAL INFORMATION | |
| fixed length control field | 140309t2011 enka frb 000 0 eng d |
| 020 ## - INTERNATIONAL STANDARD BOOK NUMBER | |
| International Standard Book Number | 9781408289631 |
| 020 ## - INTERNATIONAL STANDARD BOOK NUMBER | |
| International Standard Book Number | 1408289636 |
| 040 ## - CATALOGING SOURCE | |
| Original cataloging agency | EG-ScBUE |
| Language of cataloging | eng |
| Transcribing agency | EG-ScBUE |
| 082 04 - DEWEY DECIMAL CLASSIFICATION NUMBER | |
| Classification number | 658.4012 |
| Item number | DAV |
| Edition number | 22 |
| 100 1# - MAIN ENTRY--PERSONAL NAME | |
| Personal name | David, Fred R. |
| 9 (RLIN) | 22473 |
| 245 10 - TITLE STATEMENT | |
| Title | Strategic management : |
| Remainder of title | concepts and cases / |
| Statement of responsibility, etc | Fred R. David, Abbas J. Ali, Abdulrahman Y. Al-Aali |
| 250 ## - EDITION STATEMENT | |
| Edition statement | 1st ed., Arab world ed. |
| 260 ## - PUBLICATION, DISTRIBUTION, ETC. (IMPRINT) | |
| Place of publication, distribution, etc | Harlow : |
| Name of publisher, distributor, etc | Pearson Education Limited, |
| Date of publication, distribution, etc | c.2011 |
| Place of manufacture | ([Kuala Lumpur] : |
| Manufacturer | CTP-VVP) |
| 300 ## - PHYSICAL DESCRIPTION | |
| Extent | xxii, 277 p. : |
| Other physical details | ill (col.) ; |
| Dimensions | 28 cm. |
| 504 ## - BIBLIOGRAPHY, ETC. NOTE | |
| Bibliography, etc | Includes bibliographical references.<br/><br/> |
| 590 ## - LOCAL NOTE (RLIN) | |
| Local note | doaa mohamed |
| 650 #0 - SUBJECT ADDED ENTRY--TOPICAL TERM | |
| 9 (RLIN) | 1643 |
| Topical term or geographic name as entry element | Strategic planning |
| Source of heading or term | BUEsh |
| 651 ## - SUBJECT ADDED ENTRY--GEOGRAPHIC NAME | |
| Source of heading or term | BUEsh |
| 653 ## - INDEX TERM--UNCONTROLLED | |
| Resource For college | BAEPS, Business Administration |
| Arrived date list | March2014 |
| -- | August2015 |
| 655 ## - INDEX TERM--GENRE/FORM | |
| Form subdivision | |
| -- | 33728 |
| 700 1# - ADDED ENTRY--PERSONAL NAME | |
| 9 (RLIN) | 1591 |
| Personal name | Ali, Abbas, |
| Dates associated with a name | 1953- |
| 700 1# - ADDED ENTRY--PERSONAL NAME | |
| Personal name | Al-Aali, Abdulrahman Y. |
| 9 (RLIN) | 35454 |
| 942 ## - ADDED ENTRY ELEMENTS (KOHA) | |
| Source of classification or shelving scheme | Dewey Decimal Classification |
| Call number prefix | 658.4012 DAV |
| Withdrawn status | Item status | Source of classification or shelving scheme | Damaged status | Not for loan | Vendor | Home library | Current library | Shelving location | Date acquired | Source of acquisition | Cost, normal purchase price | Total Checkouts | Full call number | Barcode | Date last seen | Cost, replacement price | Koha item type | Total Renewals | Date last borrowed |
|---|---|---|---|---|---|---|---|---|---|---|---|---|---|---|---|---|---|---|---|
| Dewey Decimal Classification | Baccah | Central Library | Central Library | First floor | 09/03/2014 | 250.00 | 658.4012 DAV | 000035676 | 15/07/2025 | 312.50 | NB - Book (Non borrowing) | ||||||||
| Dewey Decimal Classification | Baccah | Central Library | Central Library | First floor | 10/03/2014 | 250.00 | 14 | 658.4012 DAV | 000035677 | 15/07/2025 | 312.50 | Book - Borrowing | 22 | 13/02/2020 | |||||
| Dewey Decimal Classification | Baccah | Central Library | Central Library | First floor | 10/03/2014 | 250.00 | 14 | 658.4012 DAV | 000035678 | 15/07/2025 | 312.50 | Book - Borrowing | 25 | 10/04/2018 | |||||
| Dewey Decimal Classification | Baccah | Central Library | Central Library | First floor | 10/03/2014 | 250.00 | 16 | 658.4012 DAV | 000035679 | 15/07/2025 | 312.50 | Book - Borrowing | 41 | 28/03/2018 | |||||
| Dewey Decimal Classification | Baccah | Central Library | Central Library | First floor | 10/03/2014 | 250.00 | 11 | 658.4012 DAV | 000035680 | 15/07/2025 | 312.50 | Book - Borrowing | 59 | 17/02/2019 | |||||
| Dewey Decimal Classification | Baccah | Central Library | Central Library | First floor | 17/03/2014 | Purchase | 250.00 | 12 | 658.4012 DAV | 000035693 | 15/07/2025 | 312.50 | NB - Book (Non borrowing) | 37 | 13/02/2017 | ||||
| Dewey Decimal Classification | Baccah | Central Library | Central Library | First floor | 17/03/2014 | 250.00 | 10 | 658.4012 DAV | 000035694 | 15/07/2025 | 312.50 | Book - Borrowing | 36 | 04/03/2018 |